| 000 | 00558nam a22001937a 4500 | ||
|---|---|---|---|
| 003 | OSt | ||
| 005 | 20150520134923.0 | ||
| 008 | 150520b xxu||||| |||| 00| 0 eng d | ||
| 020 | _a8122400604 | ||
| 040 | _cDLC | ||
| 082 | _aWW 26 M697 1989 | ||
| 100 |
_aMitra Sachinath _94705 |
||
| 245 |
_aFundamentals of optical, Spectroscopic and X-ray Mineralogy / _cSachinath Mitra |
||
| 260 |
_aNew Delhi: _bWiley Eastern Limited; _c1989. |
||
| 300 |
_axv, 236 P : _bill, _c27 cm |
||
| 504 | _aINCLUDES INDEX | ||
| 650 |
_aX-ray Mineralogy _94706 |
||
| 942 |
_2z _cSLOAN |
||
| 999 |
_c1792 _d1792 |
||